[Event "ch-RUS Blitz Women 2017"]
[Site "Sochi RUS"]
[Date "2017.10.02"]
[Round "10.15"]
[White "Travkina, Anastasia"]
[Black "Getman, Tatyana"]
[Result "1-0"]
[WhiteTitle "WFM"]
[WhiteElo "2221"]
[BlackElo "2082"]
[WhiteFideId "24129151"]
[BlackFideId "34166146"]
[EventDate "2017.10.02"]
[EventType "blitz"]

1. e4 e6 2. d4 d5 3. Nc3 Nf6 4. Bg5 dxe4 5. Nxe4 Be7 6. Bxf6 gxf6 7. Nf3 b6 8.
Bd3 Bb7 9. Qe2 Nc6 10. O-O-O Qd7 11. Bb5 O-O-O 12. a3 f5 13. Nc3 Qd6 14. d5 exd5
15. Nxd5 Qh6+ 16. Kb1 Bd6 17. Qd3 Qh5 18. Ne3 f4 19. Qf5+ Qxf5 20. Nxf5 Bc5 21.
Rxd8+ Rxd8 22. Rf1 Rd5 23. Bxc6 Bxc6 24. N5h4 Bb5 25. Rc1 Rd8 26. c4 Ba6 27. Ne5
f6 28. Ng4 Bd4 29. Nf5 Be5 30. b4 Rd2 31. Rc2 Rxc2 32. Kxc2 Bb7 33. f3 Kd7 34.
Ng7 Ke7 35. Kd3 Bc8 36. Nh5 Kf7 37. g3 Bb2 38. a4 Kg6 39. Nxf4+ Kf5 40. Kc2 Be5
41. Nxe5 fxe5 42. Nd3 Bb7 43. f4 e4 44. Ne1 Bc6 45. b5 Be8 46. Kc3 c5 47. Nc2
Kg4 48. Ne3+ Kf3 49. Kd2 Bf7 50. f5 Bg8 51. g4 Bf7 52. g5 Bg8 53. h4 Bf7 54. f6
Bg6 55. Nd5 Bf7 56. Ke1 e3 57. Ne7 e2 58. Nf5 Kg4 59. Nd6 Be6 60. f7 Bxf7 61.
Nxf7 Kxh4 62. Kxe2 Kh5 63. Kf3 Kg6 64. Nd6 Kxg5 65. Nc8 h5 66. Kg3 Kf5 67. Nxa7
Ke5 68. Nc8 Kd4 69. Nxb6 1-0

[Event "ch-RUS Blitz Women 2017"]
[Site "Sochi RUS"]
[Date "2017.10.02"]
[Round "10.16"]
[White "Granovskaya, Ekaterina"]
[Black "Semenova, Elena1"]
[Result "0-1"]
[BlackTitle "WIM"]
[WhiteElo "1845"]
[BlackElo "2256"]
[WhiteFideId "34106577"]
[BlackFideId "24125148"]
[EventDate "2017.10.02"]
[EventType "blitz"]

1. e4 e5 2. Nf3 Nc6 3. Bc4 Nf6 4. Ng5 d5 5. exd5 Na5 6. d3 h6 7. Nf3 e4 8. Qe2
Nxc4 9. dxc4 Bc5 10. h3 O-O 11. Nh2 Re8 12. Be3 Bd6 13. Nc3 Be5 14. Qd2 c6 15.
O-O-O Qa5 16. Bd4 Bxd4 17. Qxd4 b5 18. cxb5 Nxd5 19. bxc6 Nxc3 20. Qxc3 Qxa2 21.
Qa3 Qe6 22. Qd6 Qa2 23. Qa3 Qe6 24. Qd6 Qf5 25. Ng4 Be6 26. Qe5 Qg6 27. Qf4 Rac8
28. h4 Qg5 29. c7 Qa5 30. Qd6 Qxc7 31. Ne5 0-1

[Event "ch-RUS Blitz Women 2017"]
[Site "Sochi RUS"]
[Date "2017.10.02"]
[Round "11.1"]
[White "Drozdova, Dina"]
[Black "Bodnaruk, Anastasia"]
[Result "0-1"]
[WhiteTitle "WIM"]
[BlackTitle "IM"]
[WhiteElo "2209"]
[BlackElo "2432"]
[WhiteFideId "4170695"]
[BlackFideId "4181751"]
[EventDate "2017.10.02"]
[EventType "blitz"]

1. d4 Nf6 2. Nc3 d5 3. Bg5 e6 4. e3 Be7 5. f4 O-O 6. Nf3 c5 7. Bd3 Nc6 8. O-O
Rb8 9. Kh1 c4 10. Be2 b5 11. Qe1 b4 12. Bxf6 Bxf6 13. Nd1 Ne7 14. g4 g6 15. Qg3
Rb6 16. Nf2 Bg7 17. Ne5 f6 18. Nf3 Nc6 19. h4 e5 20. Rad1 e4 21. Nd2 c3 22. bxc3
bxc3 23. Nb3 Nb4 24. Rc1 Nxa2 25. Ra1 Nb4 26. Bd1 a6 27. Nc5 Bd7 28. Rg1 Bb5 29.
f5 Qd6 30. Qh3 Bd7 31. fxg6 hxg6 32. h5 gxh5 33. Qxh5 Be8 34. Qh4 Bg6 35. Kg2
Kf7 36. Qg3 Qxg3+ 37. Kxg3 Rd8 38. Nh3 Bf8 39. Nf4 Bxc5 40. dxc5 Rb5 41. Be2
Rxc5 42. Bxa6 Nxc2 43. Ra4 Nxe3 44. Bb7 c2 45. Rc1 Rc7 46. Ba6 d4 47. Nxg6 Kxg6
48. Kf4 Nd5+ 49. Kxe4 Nc3+ 0-1

[Event "ch-RUS Blitz Women 2017"]
[Site "Sochi RUS"]
[Date "2017.10.02"]
[Round "11.2"]
[White "Goryachkina, Aleksandra"]
[Black "Garifullina, Leya"]
[Result "1-0"]
[WhiteTitle "WGM"]
[BlackTitle "WCM"]
[WhiteElo "2478"]
[BlackElo "1936"]
[WhiteFideId "4147103"]
[BlackFideId "34127035"]
[EventDate "2017.10.02"]
[EventType "blitz"]

1. d4 Nf6 2. c4 e6 3. g3 d5 4. Nf3 Be7 5. Bg2 O-O 6. O-O dxc4 7. Ne5 Nc6 8. Bxc6
bxc6 9. Nxc6 Qe8 10. Nxe7+ Qxe7 11. Na3 c5 12. dxc5 Qxc5 13. Be3 Qc6 14. Qc2 Bb7
15. f3 Nd5 16. Bf2 c3 17. e4 cxb2 18. Qxb2 Ne7 19. Rac1 Qa6 20. Nb5 Bc6 21. Nc7
Rab8 22. Qxg7+ Kxg7 23. Nxa6 Bb5 24. Nxb8 Bxf1 25. Bd4+ Kg6 26. Nd7 Bb5 27.
Nxf8+ 1-0

[Event "ch-RUS Blitz Women 2017"]
[Site "Sochi RUS"]
[Date "2017.10.02"]
[Round "11.3"]
[White "Voit, Daria"]
[Black "Ambartsumova, Karina"]
[Result "1-0"]
[WhiteTitle "FM"]
[BlackTitle "WGM"]
[WhiteElo "2387"]
[BlackElo "2359"]
[WhiteFideId "4182146"]
[BlackFideId "4166299"]
[EventDate "2017.10.02"]
[EventType "blitz"]

1. d4 Nf6 2. c4 g6 3. Nc3 Bg7 4. Nf3 O-O 5. Bg5 h6 6. Bh4 d6 7. e3 g5 8. Bg3 Nh5
9. Qc2 e6 10. Be2 Qe7 11. Nd2 Nxg3 12. hxg3 c5 13. dxc5 dxc5 14. f4 Nc6 15.
O-O-O f5 16. Bf3 Bd7 17. g4 fxg4 18. Bxg4 gxf4 19. exf4 Rxf4 20. Bh3 Nd4 21. Qd3
Bc6 22. Rde1 Qf6 23. Rhf1 Rxf1 24. Rxf1 Qg5 25. Ne4 Bxe4 26. Qxe4 Rd8 27. Bxe6+
Nxe6 28. Qxe6+ Kh8 29. Rf2 Qg3 30. Qe2 Qg5 31. Kc2 Qg6+ 32. Kc1 Re8 33. Qd1 Bd4
34. Re2 Rd8 35. Qc2 Qg7 36. Nf3 Bf6 37. Qe4 b6 38. Qf5 Rf8 39. Qd5 Rd8 40. Qe6
Rf8 41. Rd2 Kh7 42. Rd7 1-0

[Event "ch-RUS Blitz Women 2017"]
[Site "Sochi RUS"]
[Date "2017.10.02"]
[Round "11.4"]
[White "Nechaeva, Marina"]
[Black "Vasilevich, Tatjana"]
[Result "1-0"]
[WhiteTitle "IM"]
[BlackTitle "IM"]
[WhiteElo "2431"]
[BlackElo "2360"]
[WhiteFideId "4149351"]
[BlackFideId "14101610"]
[EventDate "2017.10.02"]
[EventType "blitz"]

1. d4 Nf6 2. c4 e6 3. Nc3 Bb4 4. Nf3 d5 5. cxd5 exd5 6. Bg5 O-O 7. e3 Nbd7 8.
Bd3 c5 9. O-O Qa5 10. Qc2 c4 11. Bf5 Re8 12. a3 Bxc3 13. bxc3 Ne4 14. Rfc1 g6
15. Bxd7 Bxd7 16. Bf4 Bf5 17. Qb2 Re7 18. h3 Rc8 19. g4 Be6 20. Nd2 Rc6 21. Nxe4
dxe4 22. Qb4 Qxb4 23. axb4 a6 24. Kg2 Bd5 25. Kg3 f6 26. h4 Kg7 27. Ra5 Rd7 28.
Rca1 h6 29. g5 hxg5 30. hxg5 Rc8 31. gxf6+ Kxf6 32. Rh1 Kf5 33. Rh4 Ke6 34. Rg4
Rg8 35. Rg5 Bc6 36. d5+ Rxd5 37. Raxd5 Bxd5 38. Re5+ Kd6 39. Rxe4+ Kc6 40. Re7
b6 41. e4 1-0

[Event "ch-RUS Blitz Women 2017"]
[Site "Sochi RUS"]
[Date "2017.10.02"]
[Round "11.5"]
[White "Ubiennykh, Ekaterina"]
[Black "Bezgodova, Svetlana"]
[Result "1-0"]
[WhiteTitle "WIM"]
[BlackTitle "WIM"]
[WhiteElo "2308"]
[BlackElo "2060"]
[WhiteFideId "4137582"]
[BlackFideId "4110650"]
[EventDate "2017.10.02"]
[EventType "blitz"]

1. d4 Nf6 2. c4 d6 3. Nc3 Nbd7 4. Bg5 c6 5. Nf3 e5 6. e3 Be7 7. Be2 O-O 8. O-O
a6 9. Qc2 Re8 10. Rfd1 Bf8 11. b4 Qc7 12. Rac1 g6 13. c5 exd4 14. exd4 dxc5 15.
dxc5 Bg7 16. Rd6 a5 17. a3 axb4 18. axb4 Ra3 19. Bc4 Rxc3 20. Qxc3 Ne4 21. Qb3
Ne5 22. Bf4 Nxc4 1-0

[Event "ch-RUS Blitz Women 2017"]
[Site "Sochi RUS"]
[Date "2017.10.02"]
[Round "11.6"]
[White "Girya, Olga"]
[Black "Kabanova, Ekaterina"]
[Result "1-0"]
[WhiteTitle "WGM"]
[BlackTitle "WFM"]
[WhiteElo "2505"]
[BlackElo "2205"]
[WhiteFideId "4195752"]
[BlackFideId "24112917"]
[EventDate "2017.10.02"]
[EventType "blitz"]

1. d4 c5 2. d5 e5 3. c4 d6 4. Nc3 a6 5. a4 Ne7 6. e4 Ng6 7. g3 Be7 8. h4 h6 9.
Bg2 b6 10. Be3 Nd7 11. Nge2 Nf6 12. h5 Nf8 13. f3 N8h7 14. Qd2 Nd7 15. Bh3 Ndf6
16. Bxc8 Rxc8 17. g4 Nd7 18. Ng3 Bg5 19. Nf5 Qf6 20. a5 Rb8 21. axb6 Rxb6 22.
O-O O-O 23. Ra2 Bxe3+ 24. Qxe3 Ng5 25. Kg2 Kh7 26. Rfa1 Nb8 27. Rf1 Rd8 28. Qd3
Rd7 29. Rf2 Rdb7 30. f4 exf4 31. e5 dxe5 32. Nd6+ Kg8 33. Nxb7 Rxb7 34. Ne4 Nxe4
35. Qxe4 Re7 36. b4 Qh4 37. Qf3 e4 38. Qxf4 Nd7 39. d6 Re5 40. Qxf7+ Kh8 41. Rf4
Nf6 42. Rxa6 Rg5 43. Ra8+ Kh7 44. Qe6 Rxg4+ 45. Rxg4 Qxg4+ 46. Qxg4 Nxg4 47. d7
Ne3+ 48. Kg1 cxb4 49. d8=Q 1-0

[Event "ch-RUS Blitz Women 2017"]
[Site "Sochi RUS"]
[Date "2017.10.02"]
[Round "11.7"]
[White "Nebolsina, Vera"]
[Black "Bivol, Alina"]
[Result "1-0"]
[WhiteTitle "WGM"]
[BlackTitle "WGM"]
[WhiteElo "2220"]
[BlackElo "2356"]
[WhiteFideId "4163591"]
[BlackFideId "4100123"]
[EventDate "2017.10.02"]
[EventType "blitz"]

1. e4 e6 2. d4 d5 3. exd5 exd5 4. Nf3 Nf6 5. Bd3 Be7 6. h3 O-O 7. O-O h6 8. Bf4
c5 9. dxc5 Bxc5 10. Nbd2 Nc6 11. Nb3 Bb6 12. c3 Re8 13. Bc2 Ne4 14. Nbd4 Qf6 15.
Bh2 Bd7 16. Qd3 Rad8 17. Rae1 g6 18. Re2 a6 19. Rfe1 Nxd4 20. Nxd4 Bxd4 21. Qxd4
Qxd4 22. cxd4 Bb5 23. Re3 Rc8 24. Bb3 Red8 25. Be5 Bc4 26. f3 Ng5 27. Bf6 Rf8
28. Be7 Ne6 29. Bxf8 Kxf8 30. Rd1 b5 31. Kf2 Kg7 32. g3 Kf6 33. h4 h5 34. Rc3
Rd8 35. Bc2 b4 36. Re3 Rc8 37. Bb1 Bb5 38. Ree1 a5 39. Ke3 Re8 40. Kf2 Rc8 41.
Re5 Rd8 42. Re3 Rc8 43. a3 Rc4 44. b3 Rxd4 45. Rxe6+ 1-0

[Event "ch-RUS Blitz Women 2017"]
[Site "Sochi RUS"]
[Date "2017.10.02"]
[Round "11.8"]
[White "Kashlinskaya, Alina"]
[Black "Bykova, Anastasia"]
[Result "1-0"]
[WhiteTitle "IM"]
[BlackTitle "WFM"]
[WhiteElo "2455"]
[BlackElo "2234"]
[WhiteFideId "4198026"]
[BlackFideId "4164970"]
[EventDate "2017.10.02"]
[EventType "blitz"]

1. d4 d5 2. c4 c6 3. Nf3 Nf6 4. Nc3 dxc4 5. a4 Bf5 6. e3 e6 7. Bxc4 Bb4 8. O-O
Nbd7 9. Qe2 Bg6 10. e4 O-O 11. Bd3 Bh5 12. e5 Nd5 13. Nxd5 cxd5 14. Qe3 Re8 15.
Ng5 Bg6 16. Bxg6 hxg6 17. Qf3 Qe7 18. a5 a6 19. Ra4 f6 20. exf6 gxf6 21. Nxe6
Bd6 22. Nf4 Bxf4 23. Qxd5+ Kg7 24. Bxf4 Nf8 25. h3 Rad8 26. Qf3 Ne6 27. Be3 Qd7
28. Rb4 Re7 29. Rb6 Rb8 30. d5 1-0

[Event "ch-RUS Blitz Women 2017"]
[Site "Sochi RUS"]
[Date "2017.10.02"]
[Round "11.9"]
[White "Kovanova, Baira"]
[Black "Sukhareva, Evgeniya"]
[Result "0-1"]
[WhiteTitle "WGM"]
[WhiteElo "2371"]
[BlackElo "2207"]
[WhiteFideId "4164083"]
[BlackFideId "4167155"]
[EventDate "2017.10.02"]
[EventType "blitz"]

1. e4 c5 2. Nf3 e6 3. d4 cxd4 4. Nxd4 a6 5. Bd3 Qc7 6. O-O Bc5 7. Nb3 Be7 8. c4
d6 9. Nc3 Nf6 10. Be3 b6 11. Rc1 Bb7 12. Qe2 Nbd7 13. f3 O-O 14. Qf2 Rac8 15.
Rfd1 Rfe8 16. Be2 Bd8 17. Qg3 Be7 18. Qf2 Nc5 19. Nd4 g6 20. b4 Ncd7 21. Nb3 Qb8
22. Na4 Bd8 23. Nxb6 Nxb6 24. Bxb6 Bc6 25. Bxd8 Rexd8 26. a3 Ba4 27. Rb1 Nd7 28.
Rdc1 Ne5 29. Na5 Rc7 30. Qd4 Qa8 31. c5 Nc6 32. Nxc6 Rxc6 33. cxd6 Rcxd6 34. Qe3
Rd2 35. Bf1 h5 36. Rc7 Rd1 37. Rbc1 Bb5 38. Rxd1 Rxd1 39. Rc1 Rd7 40. Bxb5 axb5
41. h3 Qd8 42. Rc2 Rd3 43. Qe2 Rxa3 44. Qxb5 Qd1+ 0-1

[Event "ch-RUS Blitz Women 2017"]
[Site "Sochi RUS"]
[Date "2017.10.02"]
[Round "11.10"]
[White "Gritsayeva, Oksana"]
[Black "Travkina, Anastasia"]
[Result "1/2-1/2"]
[WhiteTitle "WFM"]
[BlackTitle "WFM"]
[WhiteElo "2373"]
[BlackElo "2221"]
[WhiteFideId "14104652"]
[BlackFideId "24129151"]
[EventDate "2017.10.02"]
[EventType "blitz"]

1. c4 c6 2. e4 d5 3. exd5 cxd5 4. d4 Nf6 5. Nc3 Nc6 6. Nf3 g6 7. h3 Bg7 8. Be2
O-O 9. O-O Be6 10. Ng5 Bf5 11. Be3 h6 12. Nf3 Rc8 13. Rc1 Kh7 14. c5 Ne4 15. a3
Nxc3 16. Rxc3 e5 17. b4 a6 18. Rc1 e4 19. Ne1 Qf6 20. Nc2 Qh4 21. Kh2 Bd7 22.
Qd2 f5 23. Bf4 Qf6 24. Rcd1 g5 25. Be5 Nxe5 26. dxe5 Qxe5+ 27. Kg1 Bc6 28. Nd4
f4 29. f3 Rce8 30. Rfe1 e3 31. Qc2+ Kh8 32. Nxc6 bxc6 33. Bd3 Ra8 34. Qe2 Qb2
35. Bxa6 Qxe2 36. Bxe2 Rxa3 37. b5 cxb5 38. Bxb5 Bc3 39. Re2 d4 40. c6 Rc8 41.
Kf1 Rb3 42. Bc4 Rb4 43. Bd5 Bd2 44. Be4 Rb3 45. Rexd2 exd2 46. Rxd2 d3 47. Kf2
Kg7 48. Ra2 Rc3 49. Ke1 Rc7 50. Kd2 Rc2+ 51. Rxc2 dxc2 52. Kxc2 Kf6 53. Kc3 Ke5
54. Kc4 Kd6 55. Kd4 Ra7 56. Kc4 Ra2 57. Bf5 Rxg2 58. Kd4 Kxc6 59. Ke5 h5 60. Kf6
Rg3 61. Kg6 Rxf3 62. Be4+ Kd6 63. Bxf3 g4 64. hxg4 hxg4 65. Bxg4 f3 66. Bxf3 1/2-1/2

[Event "ch-RUS Blitz Women 2017"]
[Site "Sochi RUS"]
[Date "2017.10.02"]
[Round "11.11"]
[White "Styazhkina, Anna"]
[Black "Semenova, Elena1"]
[Result "1-0"]
[WhiteTitle "WIM"]
[BlackTitle "WIM"]
[WhiteElo "2301"]
[BlackElo "2256"]
[WhiteFideId "24119300"]
[BlackFideId "24125148"]
[EventDate "2017.10.02"]
[EventType "blitz"]

1. e4 e5 2. Nf3 Nc6 3. Bc4 Nf6 4. d3 d6 5. c3 h6 6. a4 g5 7. Na3 Bg7 8. Nc2 g4
9. Ng1 d5 10. exd5 Nxd5 11. Ne3 Nf4 12. g3 Ng6 13. Nxg4 h5 14. Ne3 h4 15. Nf3
Qd6 16. Ng5 Be6 17. Nxe6 fxe6 18. Qg4 Nce7 19. Qxe6 Qxe6 20. Bxe6 Rd8 21. Bc4 c6
22. O-O Nc8 23. Nf5 Bf6 24. Re1 Kf8 25. Be3 b6 26. d4 Nd6 27. Nxd6 Rxd6 28. Bd3
exd4 29. cxd4 Ne7 30. Rad1 Kg7 31. Bb1 Rhd8 32. Bf4 R6d7 33. Re4 Nd5 34. Be5
Bxe5 35. dxe5 hxg3 36. hxg3 c5 37. Ba2 Ne7 38. Rxd7 Rxd7 39. Bc4 Rd2 40. b3 Ng6
41. e6 Kf6 42. Kg2 Ne7 43. Rf4+ Ke5 44. Rf7 Kd6 45. g4 Rd4 46. Kg3 a6 47. f4 b5
48. axb5 axb5 49. Bxb5 Kxe6 50. Rh7 Rd2 51. Bc4+ Kd6 52. f5 Rd1 53. f6 Nc6 54.
f7 Ke7 55. g5 Ne5 56. Rh8 Nd7 57. g6 Rg1+ 58. Kf4 Rxg6 59. Bb5 Nf8 60. Bc4 Rf6+
61. Ke5 Rf2 62. Rh6 Rd2 63. Ra6 Nd7+ 64. Kf5 Nf8 65. Ra7+ Rd7 66. Ra5 Rc7 67.
Ke5 Nd7+ 68. Kd5 Nb6+ 69. Ke5 Nxc4+ 70. bxc4 Kxf7 71. Kd6 Rb7 72. Rxc5 Ke8 1-0

[Event "ch-RUS Blitz Women 2017"]
[Site "Sochi RUS"]
[Date "2017.10.02"]
[Round "11.12"]
[White "Charochkina, Daria"]
[Black "Belenkaya, Dina"]
[Result "1-0"]
[WhiteTitle "IM"]
[BlackTitle "WGM"]
[WhiteElo "2321"]
[BlackElo "2346"]
[WhiteFideId "4180917"]
[BlackFideId "24142654"]
[EventDate "2017.10.02"]
[EventType "blitz"]

1. d4 d5 2. Bf4 Nf6 3. Nc3 g6 4. e3 Bg7 5. h4 Bf5 6. Be2 c6 7. Nf3 Nbd7 8. Ne5
Ne4 9. Nxe4 Bxe4 10. f3 Bf5 11. g4 Be6 12. Nd3 h5 13. gxh5 Rxh5 14. Bg5 Rh8 15.
Nf4 Bf5 16. Bd3 Qb6 17. e4 dxe4 18. fxe4 Be6 19. Nxe6 fxe6 20. e5 O-O-O 21. Bxe7
Rde8 22. Ba3 Qxd4 23. Qe2 Rxh4 24. O-O-O Rxh1 25. Rxh1 Nxe5 26. Be4 Rd8 27. c3
Qd7 28. Bc2 Nd3+ 29. Kb1 Nf4 30. Qe4 e5 31. Bc5 b6 32. Bf2 Qe7 33. Qxc6+ Qc7 34.
Qa8+ Kd7 35. Rd1+ Ke8 36. Ba4+ Ke7 37. Bh4+ Bf6 38. Bxf6+ Kxf6 39. Rxd8 Ne6 40.
Qf3+ Kg7 41. Rd7+ Qxd7 42. Bxd7 Nf4 43. Qe4 Kf6 44. Kc2 g5 45. Qf5+ 1-0

[Event "ch-RUS Blitz Women 2017"]
[Site "Sochi RUS"]
[Date "2017.10.02"]
[Round "11.13"]
[White "Pogonina, Natalija"]
[Black "Markelova, Lubov"]
[Result "1/2-1/2"]
[WhiteTitle "WGM"]
[BlackTitle "WFM"]
[WhiteElo "2466"]
[BlackElo "2119"]
[WhiteFideId "4147855"]
[BlackFideId "24131369"]
[EventDate "2017.10.02"]
[EventType "blitz"]

1. d4 d5 2. c4 c6 3. e3 Nf6 4. Nc3 e6 5. Nf3 Nbd7 6. Qc2 Bd6 7. b3 O-O 8. Bb2 b6
9. Be2 Bb7 10. O-O Qe7 11. e4 dxe4 12. Nxe4 Nxe4 13. Qxe4 Nf6 14. Qc2 Rfd8 15.
Rad1 c5 16. h3 Be4 17. Qc1 Rac8 18. Qe3 cxd4 19. Nxd4 Bc5 20. Qg3 Rd7 21. Nf3
Rcd8 22. Bc3 a5 23. Ne5 Rxd1 24. Rxd1 Rxd1+ 25. Bxd1 h6 26. Bf3 Bxf3 27. Qxf3
Bb4 28. Nc6 Qd6 29. Nxb4 axb4 30. Bxf6 gxf6 31. Qxf6 Qd1+ 32. Kh2 Qd2 33. f4
Qxa2 34. Qxh6 Qxb3 35. Qg5+ Kf8 36. Qd8+ Kg7 37. Qxb6 Qxc4 38. Qd6 b3 39. Qe5+
Kf8 40. Qb8+ Kg7 41. Qe5+ Kf8 42. Qd6+ Kg7 43. Qe5+ Kf8 44. Qd6+ Kg7 45. Qe5+
Kf8 46. Qd6+ 1/2-1/2

[Event "ch-RUS Blitz Women 2017"]
[Site "Sochi RUS"]
[Date "2017.10.02"]
[Round "11.14"]
[White "Tomilova, Elena"]
[Black "Potapova, Margarita"]
[Result "1/2-1/2"]
[WhiteTitle "WIM"]
[BlackTitle "WFM"]
[WhiteElo "2307"]
[BlackElo "2163"]
[WhiteFideId "4162340"]
[BlackFideId "14126869"]
[EventDate "2017.10.02"]
[EventType "blitz"]

1. d4 Nf6 2. Bg5 e6 3. e4 h6 4. Bxf6 Qxf6 5. c3 g5 6. Bd3 d6 7. Ne2 Nd7 8. Nd2
e5 9. Nc4 Bg7 10. a4 h5 11. a5 h4 12. Ne3 c6 13. h3 Nf8 14. Qb3 Ng6 15. Nf5 O-O
16. g4 hxg3 17. fxg3 d5 18. O-O Qd8 19. Kg2 exd4 20. Nexd4 c5 21. Nxg7 Kxg7 22.
Nf5+ Bxf5 23. exf5 c4 24. Qd1 cxd3 25. fxg6 fxg6 26. Qxd3 Qd6 27. Qd4+ Kh7 28.
Rae1 Rxf1 29. Rxf1 Qe6 30. Rf2 Re8 31. b4 Re7 32. Qf6 Qxf6 33. Rxf6 Kg7 34. Rd6
Re2+ 35. Kf3 Rc2 36. Rxd5 Rxc3+ 37. Kf2 Kf6 38. Rd6+ Kf5 39. Rd7 Rc2+ 40. Kf3
Rc3+ 41. Kf2 Rc2+ 42. Ke3 Rc3+ 43. Rd3 Rc4 44. Rb3 Re4+ 45. Kf3 Rc4 46. Ke3 Re4+
47. Kf3 Rc4 48. b5 Ra4 49. a6 bxa6 50. bxa6 Rxa6 51. Rb5+ Kf6 52. Rb7 Ra3+ 53.
Kg4 Ra4+ 54. Kf3 a5 55. Ra7 Ra3+ 56. Kg4 Ra4+ 57. Kf3 Ra3+ 58. Kg4 Ra4+ 59. Kf3
Ke5 1/2-1/2

[Event "ch-RUS Blitz Women 2017"]
[Site "Sochi RUS"]
[Date "2017.10.02"]
[Round "11.15"]
[White "Shafigullina, Zarina"]
[Black "Kharmunova, Nadezhda"]
[Result "0-1"]
[WhiteTitle "WFM"]
[BlackTitle "WIM"]
[WhiteElo "2117"]
[BlackElo "2199"]
[WhiteFideId "24174220"]
[BlackFideId "4195876"]
[EventDate "2017.10.02"]
[EventType "blitz"]

1. d4 Nf6 2. Nf3 e6 3. g3 b6 4. Bg2 Bb7 5. O-O Be7 6. c4 O-O 7. Nc3 Ne4 8. Qc2
d5 9. cxd5 exd5 10. Ne5 Nxc3 11. bxc3 c5 12. Rd1 cxd4 13. cxd4 f6 14. Nd3 Nc6
15. Nf4 Nb4 16. Qb3 Qd7 17. a3 Na6 18. Bxd5+ Kh8 19. Bxb7 Qxb7 20. Qd5 Qc8 21.
Ne6 Re8 22. Bf4 Qc2 23. Qb5 Qc8 24. d5 Nc5 25. Nxc5 Bxc5 26. d6 a6 27. Qd3 Qd7
28. Rac1 Rad8 29. Qxa6 g5 30. Bd2 Qf5 31. e3 Rxd6 32. Bc3 Red8 33. Rxd6 Rxd6 34.
Qa8+ Kg7 35. Qb7+ Rd7 36. Qc6 Rd6 37. Qb7+ Rd7 38. Qc6 Rd6 39. Qb7+ Rd7 40. Qc6
Rd6 41. Qe8 Bxa3 42. Qe7+ Kg6 43. Qe8+ Kg7 44. Qe7+ Kg6 45. e4 Qe6 46. Qxe6 Rxe6
47. Re1 b5 48. f3 b4 49. Ba1 b3 50. Rb1 b2 51. Bxb2 Rb6 52. Bxa3 Rxb1+ 53. Kf2
Rb3 54. Bc1 Kf7 55. Be3 Ke6 56. Bd4 f5 57. exf5+ Kxf5 58. Be3 g4 59. fxg4+ Kxg4
60. Bf4 Rb2+ 61. Kg1 Kh3 62. Be3 Rxh2 63. Bf2 Rg2+ 64. Kf1 Kh2 65. Ke2 h5 66.
Kf3 Kh3 67. Ke2 Kg4 68. Ke3 Rh2 69. Ke2 Rh1 70. Ke3 Ra1 71. Ke2 Ra2+ 72. Kf1 Kf3
73. Bb6 Ra1# 0-1

[Event "ch-RUS Blitz Women 2017"]
[Site "Sochi RUS"]
[Date "2017.10.02"]
[Round "11.16"]
[White "Gubernatorova, Lyudmila"]
[Black "Maltsevskaya, Aleksandra"]
[Result "0-1"]
[WhiteElo "2200"]
[BlackElo "2260"]
[WhiteFideId "4123840"]
[BlackFideId "24174041"]
[EventDate "2017.10.02"]
[EventType "blitz"]

1. d4 Nf6 2. c4 g6 3. Nc3 Bg7 4. e4 d6 5. Be2 O-O 6. Bg5 h6 7. Be3 Na6 8. g4 c5
9. d5 Qb6 10. Rb1 Bxg4 11. f3 Bd7 12. h4 Nh5 13. Kf2 f5 14. f4 fxe4 15. Bxh5
gxh5 16. Nge2 Bg4 17. Qd2 Bf3 18. Rhg1 Nb4 19. Nc1 Qd8 20. f5 Rf7 21. Bxh6 Qf8
22. Qg5 Bg4 0-1

[Event "ch-RUS Blitz Women 2017"]
[Site "Sochi RUS"]
[Date "2017.10.02"]
[Round "12.1"]
[White "Bodnaruk, Anastasia"]
[Black "Drozdova, Dina"]
[Result "1-0"]
[WhiteTitle "IM"]
[BlackTitle "WIM"]
[WhiteElo "2432"]
[BlackElo "2209"]
[WhiteFideId "4181751"]
[BlackFideId "4170695"]
[EventDate "2017.10.02"]
[EventType "blitz"]

1. e4 d6 2. d4 Nf6 3. Nc3 e5 4. Nge2 Be7 5. g3 Nbd7 6. Bg2 c6 7. a4 O-O 8. O-O
b6 9. h3 a6 10. Be3 Rb8 11. g4 b5 12. axb5 axb5 13. Ng3 b4 14. Nce2 d5 15. dxe5
Nxe5 16. Bf4 Bd6 17. Nf5 Bxf5 18. exf5 Qc7 19. Bg3 Nc4 20. Bxd6 Qxd6 21. b3 Ne5
22. Ng3 Rbd8 23. g5 Ne8 24. f4 Nd7 25. h4 Nc7 26. h5 f6 27. Qd2 Nb5 28. Rfe1
Rfe8 29. Bh3 Qc5+ 30. Kg2 Qd4 31. Qxd4 Nxd4 32. Rxe8+ Rxe8 33. Ra6 Nc5 34. Rb6
Kf8 35. h6 gxh6 36. gxh6 Nxc2 37. Rxc6 Ne3+ 38. Kf3 Nxb3 39. Rxf6+ Kg8 40. Rb6
Nd4+ 41. Kf2 b3 42. f6 Rf8 43. Kxe3 Nc2+ 44. Kd2 Rxf6 45. Rxf6 1-0

[Event "ch-RUS Blitz Women 2017"]
[Site "Sochi RUS"]
[Date "2017.10.02"]
[Round "12.2"]
[White "Garifullina, Leya"]
[Black "Goryachkina, Aleksandra"]
[Result "0-1"]
[WhiteTitle "WCM"]
[BlackTitle "WGM"]
[WhiteElo "1936"]
[BlackElo "2478"]
[WhiteFideId "34127035"]
[BlackFideId "4147103"]
[EventDate "2017.10.02"]
[EventType "blitz"]

1. e4 Nf6 2. e5 Nd5 3. d4 d6 4. c4 Nb6 5. exd6 exd6 6. Nc3 Be7 7. Be3 O-O 8. h3
Bf6 9. Nf3 Be6 10. b3 d5 11. c5 N6d7 12. Rc1 Nc6 13. Bd3 Re8 14. O-O Ne7 15. Qc2
Nf8 16. b4 c6 17. b5 Qd7 18. a4 Bf5 19. Bf4 Nfg6 20. Bh2 Bxd3 21. Qxd3 Nf5 22.
g4 Nfh4 23. Nxh4 Bxh4 24. f4 h6 25. f5 Nf8 26. Bg3 Bg5 27. Rce1 Rxe1 28. Rxe1
Re8 29. Rxe8 Qxe8 30. Qe2 Qd8 31. Bd6 Nd7 32. Kg2 Kh7 33. Kg3 Bh4+ 34. Kg2 Qa5
35. Qd3 Nf6 36. Be5 Qb4 37. Qc2 Qc4 38. Qd2 Bg5 39. Qe1 Qd3 40. h4 Bd2 41. Qf2
Bxc3 42. Bxf6 gxf6 43. Qg1 Qe4+ 44. Kh3 Bxd4 45. Qc1 Qf3+ 46. Kh2 Be5+ 47. Kg1
Bf4 48. Qc2 Qe4 49. Qc3 Qe3+ 50. Qxe3 Bxe3+ 51. Kf1 Bxc5 52. Ke2 a6 53. bxa6
bxa6 54. Kd3 Bf2 55. h5 Kg7 0-1

[Event "ch-RUS Blitz Women 2017"]
[Site "Sochi RUS"]
[Date "2017.10.02"]
[Round "12.3"]
[White "Ambartsumova, Karina"]
[Black "Voit, Daria"]
[Result "0-1"]
[WhiteTitle "WGM"]
[BlackTitle "FM"]
[WhiteElo "2359"]
[BlackElo "2387"]
[WhiteFideId "4166299"]
[BlackFideId "4182146"]
[EventDate "2017.10.02"]
[EventType "blitz"]

1. Nf3 c5 2. g3 b6 3. Bg2 Bb7 4. O-O g6 5. d3 Bg7 6. e4 d5 7. Nbd2 e6 8. Re1 Ne7
9. Qe2 O-O 10. h4 dxe4 11. dxe4 Ba6 12. Qe3 Nbc6 13. h5 Nb4 14. Qb3 Nec6 15. c3
Nd3 16. Rd1 Qf6 17. Nc4 Bxc4 18. Qxc4 Nce5 19. Nxe5 Qxf2+ 20. Kh1 Nxe5 21. Qf1
Qxg3 22. Bf4 Qh4+ 23. Kg1 Qxh5 24. Rd2 Bh6 25. Bxe5 Be3+ 26. Rf2 Qxe5 0-1